The psychology of politics

সংরক্ষণ করুন:
গ্রন্থ-পঞ্জীর বিবরন
প্রধান লেখক: Eysenck, H. J.
বিন্যাস: গ্রন্থ
ভাষা:Undetermined
প্রকাশিত: London Routledge & Kegan Paul Ltd 1960
বিষয়গুলি:
ট্যাগগুলো: ট্যাগ যুক্ত করুন
কোনো ট্যাগ নেই, প্রথমজন হিসাবে ট্যাগ করুন!
Thư viện lưu trữ: Trung tâm Học liệu Trường Đại học Cần Thơ
LEADER 00504nam a2200181Ia 4500
001 CTU_90037
008 210402s9999 xx 000 0 und d
082 |a 320 
082 |b E98 
100 |a Eysenck, H. J. 
245 4 |a The psychology of politics 
245 0 |c H. J. Eysenck 
260 |a London 
260 |b Routledge & Kegan Paul Ltd 
260 |c 1960 
650 |a Political psychology,Attitude (psychology) 
904 |i Trọng Hải 
980 |a Trung tâm Học liệu Trường Đại học Cần Thơ